000 00693nam a2200289Ia 4500
005 20260324125633.0
008 008 260324s9999 xx 000 0 eng d
020 _a9781003416739
037 _aEBOOK
040 _aCRL
040 _beng
040 _cCRL
041 _2eng
041 _aeng
084 _qCRL
100 _aPhilip L. Tite; Bryan Rennie
_91178730
245 0 _aReligion, Terror and Violence
245 0 _bReligious Studies Perspectives
260 _bTaylor and Francis
260 _c2008
365 _a
365 _b230
856 _uhttp://www.taylorfrancis.com/books/9781003416739
942 _cEBOOK
999 _c1774186
_d1774186